00429nam a2200145Ia 4500008004100000041000900041082001800050100002100068245003000089260003600119300000800155650000800163999001700171952009500188230718s9999 xx 000 0 und d aEng. a347.07bCLA-H aClark, Charles E 0aHand book of the law code aPakistanbWest Publishingc1947 a874 aLaw c29663d29663 00104070aSIRC-LbSIRC-Ld2023-07-18l0o347.07 CLA-Hp24614r2023-07-18w2023-07-18yBK